000 01205cam a2200337 a 4500
001 1311
005 20230814150953.0
008 040730r20052004nyua c 000 1 eng
020 _a9780805074789
020 _a0805074783 (hc : alk. paper)
040 _aDLC
_cDLC
_dDLC
_beng
050 0 0 _aPZ7.A6776
_bRi 2005
082 0 0 _a[Fic]
_222
100 1 _aArdagh, Philip.
245 1 4 _aThe rise of the house of McNally, or, About time too /
_cPhilip Ardagh ; with illustrations by David Roberts.
246 3 0 _aRise of the house of McNally
246 3 0 _aAbout time too
260 _aLondon :
_bFaber and Raber Limited,
_c2004.
300 _a152 pages :
_billuatrations ;
_c21 cm.
490 1 _aThe third unlikely exploit ;
_v3
505 _aQ
520 _aIn their third and final adventure, the McNally children meet Lionel Lyons, who asks their help to fix problems that were created by time travelers.
521 _a860
_bLexile
521 _aQ
_bRaz-Plus
650 1 _aSiblings
_vFiction.
650 1 _aSpace and time
_vFiction.
650 1 _aHumorous stories.
700 1 _aRoberts, David
_d1970-
_eillustrator
906 _a7
_bcbc
_corignew
_d1
_eocip
_f20
_gy-gencatlg
942 _2ddc
_cBK
_n0
999 _c1311
_d1311